00302 a2200133 450000100060000002000060000604000240001210000260003624000320006224500270009430000070012136200090012865000310013744645 a  cAnchieta - Aquarius aGouveia, Luis Augusto10aQuem é igual a quem?lpor10aQuem é igual a quem? a310 a2004 4aLiteratura infanto-juvenil